000 00926cam a2200277 a 4500
001 15897353
005 20180126075129.0
008 090908s2009 nyua b 001 0 eng
010 _a 2009034931
015 _aGBA974835
_2bnb
016 7 _a015337430
_2Uk
020 _a9781579128142
020 _a1579128149
035 _a(OCoLC)ocn428777447
040 _aDLC
_cDLC
_dYDX
_dBTCTA
_dYDXCP
_dUKM
_dZPX
_dIGP
_dQBX
_dMOF
_dEUM
_dDLC
041 _aeng
080 _a546
082 0 0 _a546 GRA
_222
100 1 _a12
101 _aKIM
245 1 4 _aThe elements :
_cTheodore Gray ; photographs by Theodore Gray and Nick Mann.
504 _aIncludes bibliographical references and index.
906 _a7
_bcbc
_corignew
_d1
_eecip
_f20
_gy-gencatlg
942 _2ddc
_cBK
999 _c41005
_d41005